| Поле | Инд. | ПП | Название | Значение |
|---|---|---|---|---|
| Тип записи | a | |||
| Библиографический уровень | m | |||
| 001 | _ | Контрольный номер | RU/URAIT/471408 | |
| 005 | _ | Дата корректировки | 20250915104107.3 | |
| 008 | Кодируемые данные | 200706s2021 RU y f j 000 0 rus u | ||
| 020 | a | ISBN | 978-5-534-13802-3 | |
| c | Цена, тираж | 1269.00 | ||
| 040 | a | Служба первич. каталог. | ИКО Юрайт | |
| c | Служба, преобразующая запись | ИКО Юрайт | ||
| e | Правила каталог. | RCR | ||
| 041 | a | Код языка текста | rus | |
| 044 | a | Код страны публикации | RU | |
| 080 | a | Индекс УДК | 504(075.32) | |
| 084 | 2 | Источник индекса | rubbk | |
| a | Индекс другой классификации/Индекс ББК | 20.1я723 | ||
| 100 | 1_ | a | Автор | Павлова Елена Ивановна |
| q | Полное имя | Елена Ивановна | ||
| 245 | a | Заглавие | Общая экология и экология транспорта | |
| b | Продолж. заглавия | Учебник и практикум Для СПО | ||
| c | Ответственность | Павлова Е. И., Новиков В. К. | ||
| 250 | g | пер. и доп | ||
| a | Основные сведения об издании | 6-е изд. | ||
| 256 | a | Характеристики компьютерного файла | Электрон. дан. | |
| 260 | a | Место издания | Москва | |
| b | Издательство | Юрайт | ||
| c | Дата издания | 2021 | ||
| 300 | a | Объем | 418 с | |
| 440 | a | Серия | Профессиональное образование | |
| 500 | a | Примечание | URL: https://urait.ru/bcode/471408 (дата обращения: 23.11.2021). | |
| 520 | a | Аннотация | В учебнике излагаются общие вопросы экологии и специфические аспекты экологии транспорта. Представлен понятийный аппарат. Большое внимание уделено глобальным экологическим проблемам и усилиям государств мира по их решению. Показана связь экологии и здоровья человека. Основной акцент в книге сделан на влияние транспортно-дорожного комплекса на окружающую среду и управление экологической деятельностью. Подробно рассмотрены мероприятия по повышению экологичности транспортных средств и экозащитные технологии. Содержит практикум с практическими заданиями по каждой главе учебника. Соответствует актуальным требованиям Федерального государственного образовательного стандарта среднего профессионального образования и профессиональным требованиям. Для студентов образовательных учреждений среднего профессионального образования транспортного профиля. Может быть полезен магистрам и специалистам транспортной отрасли. Представляет интерес для научных и практических работников транспортных организаций. | |
| 538 | a | Прим. о системных особенностях | Режим доступа: Электронно-библиотечная система Юрайт, для авториз. пользователей | |
| 653 | a | Ключевые слова | Экология | |
| 653 | a | Ключевые слова | Естественные науки | |
| 653 | a | Ключевые слова | Экология | |
| 653 | a | Ключевые слова | Общая экология | |
| 653 | a | Ключевые слова | Основы экологии | |
| 653 | a | Ключевые слова | Экологические основы природопользования | |
| 653 | a | Ключевые слова | Введение в экологию | |
| 653 | a | Ключевые слова | Экология (общая) | |
| 700 | 1_ | a | Другие авторы | Новиков Василий Константинович |
| q | Полное имя | Василий Константинович | ||
| 856 | 40 | u | URL | https://urait.ru/bcode/471408 |
| x | Примечание для ЭОР | https://urait.ru/book/cover/FAB2A959-199F-412F-AB3B-D83068DB12BB | ||
| z | Примечание для пользователя | Участвует в КО | ||
| 856 | 41 | u | URL | https://urait.ru/book/cover/FAB2A959-199F-412F-AB3B-D83068DB12BB |